| 000 | 00683nam a2200289Ia 4500 | ||
|---|---|---|---|
| 008 | 160803s9999 xx 000 0 und d | ||
| 020 | _a978-0439164566 | ||
| 100 | _aKorman, Gordon | ||
| 245 | _aShipwreck / | ||
| 245 | _cGordon Korman. | ||
| 260 | _aNew York : | ||
| 260 | _bScholastic Inc. | ||
| 260 | _c2001 | ||
| 300 | _a129 pages ; | ||
| 300 | _c20 cm. | ||
| 440 | _aIsland, | ||
| 440 | _vbk. 1. | ||
| 500 | _a"An Apple paperback." | ||
| 650 | _aShipwrecks -- | ||
| 650 | _aShipwrecks -- | ||
| 650 | _aShipwrecks. | ||
| 650 | _aWilderness survival -- | ||
| 650 | _xFiction. | ||
| 650 | _xFiction. | ||
| 650 | _xJuvenile fiction. | ||
| 700 | _a610 | ||
| 999 |
_c298442 _d298442 |
||